000 01076nas a2200289 i 4500
001 252400
005 20260219115954.0
007 ta
008 890206e1997 dr p|ro || |ospa d| |
011 _a
040 _aDO-SdBNP
_bspa
_cBNPHU
_erda
041 _hspa
110 _aHoy (República Dominicana)
_970838
245 _aAcento Turístico /
_cHoy.
264 _aSanto Domingo, República Dominicana :
_bEditora Hoy,
_c1997.
300 _avolumen :
_bilustraciones, fotografías ;
_c35 cm.
310 _aDesconocido.
336 _atexto
_btxt
_2rdacontent
337 _asin mediación
_bn
_2rdacarrier
338 _avolumen
_bnc
_2rdacarrier
362 _aAño 1. Número 1, julio 1997.
500 _aCatalogación basada en: Año 1. Número 1, julio 1997.
650 _913439
_aTurismo
_vPublicaciones periódicas
_zRepública Dominicana
650 _948040
_aRepública Dominicana
_xAspectos sociales
_vPublicaciones periódicas
650 _948048
_aRepública Dominicana
_xAspectos culturales
_vPublicaciones periódicas
942 _2ddc
_cISSUE
999 _c60374
_d60374